Представление документа в формате MARC21

Поле Инд. ПП Название Значение
Тип записи a
Библиографический уровень b
001 Контрольный номер RU/IS/BASE/375885510
005 Дата корректировки 20220131133205.1
008 Кодируемые данные 20111129
084 a Индекс другой классификации/Индекс ББК 74.4; 74.047.2; 60.82
100 1_ a Автор Моргунова О. М.
q Полное имя Моргунова Оксана Михайловна
245 10 a Заглавие Социализирующие функции муниципальных учреждений профессионального образования
500 a Примечание Аннотация статьи на английском языке: с. 187
504 a Библиография Лит. - Прил.
520 0_ a Аннотация Отражен вопрос влияния учреждений профобразования на организацию социально-экономической жизнедеятельности местного сообщества. Дается общее описание системы профессионального образования на местном уровне. На основе проведенного исследования делается вывод о том, что наиболее выгодной формой обучения, как для органов местного самоуправления, так и для работодателей, является заочная. Учреждения профессионального образования, в свою очередь, выступают "закрепителями" молодежи на местах.
650 04 a Основная рубрика образование
a Основная рубрика профессиональное образование
a Основная рубрика социальное управление
a Основная рубрика управленческая деятельность
653 0_ a Ключевые слова высшее профессиональное образование
a Ключевые слова государственное управление
a Ключевые слова заочное образование
a Ключевые слова кадровое обеспечение
a Ключевые слова местное самоуправление
a Ключевые слова муниципальное управление
a Ключевые слова муниципальные образования
a Ключевые слова начальное профессиональное образование
a Ключевые слова профессиональная социализация
a Ключевые слова профессиональные образовательные учреждения
a Ключевые слова Россия
a Ключевые слова социализация молодежи
a Ключевые слова социализация образования
a Ключевые слова среднее профессиональное образование
a Ключевые слова требования работодателя
a Ключевые слова трудоустройство молодежи
a Ключевые слова управление образованием
a Ключевые слова формы обучения
773 18 t Заглавие источника Вопросы государственного и муниципального управления
d Дата издания источника 2011
g Прочая информация № 3. - С. 146 - 156 : табл., рис.
w Контрольный № источника RU/IS/BASE/374262434
901 t Тип документа b